Top 5 Songs On Results May Vary (Limp Bizkit) - Statistics

General Stats
  • This quiz has been taken 16 times
    15 since last reset
  • The average score is 3 of 5
Answer Stats
Hint Answer % Correct
36,290,995 Eat You Alive
92%
329,330,965 Behind Blue Eyes
83%
11,816,817 Gimme The Mic
58%
14,204,767 Build A Bridge
33%
12,302,981 Lonely World
25%
No matching quizzes found
Score Distribution
Percent of People with Each Score
Percentile by Number Answered
Your Score History
You have not taken this quiz since the last reset